[Event "Parana Coronel Memorial"]
[Site "Parana"]
[Date "2017.08.18"]
[Round "1"]
[White "Landra, Augusto"]
[Black "Salazar, Leovys Erix"]
[Result "1/2-1/2"]
[WhiteElo "1923"]
[BlackElo "1599"]
[PlyCount "62"]
[EventDate "2017.08.18"]
[EventType "swiss"]
[EventRounds "6"]
[EventCountry "ARG"]
[SourceTitle "CBM 187 Extra"]
[Source "ChessBase"]
[SourceDate "2018.11.04"]
[SourceVersion "1"]
[SourceVersionDate "2018.11.04"]
[SourceQuality "1"]

1. e4 e5 2. d4 exd4 3. Nf3 Nc6 4. Bc4 h6 5. 0-0 Na5 6. Qxd4 Nxc4 7. Qxc4 d6 8. Nc3 Nf6 9. e5 Be6 10. Qb5+ Nd7 11. Bf4 Qc8 12. exd6 cxd6 13. Rad1 Be7 14. Nd4 Bc4 15. Qb4 a5 16. Qa3 0-0 17. Rfe1 Re8 18. Nf5 Bf8 19. Bxd6 Rxe1+ 20. Rxe1 Nf6 21. Ne7+ Bxe7 22. Bxe7 Qf5 23. Bxf6 Qxf6 24. Qc5 Be6 25. Qb6 Qd8 26. Qe3 Qc7 27. Rd1 Rd8 28. Rxd8+ Qxd8 29. Qd3 Qg5 30. Qe3 Qf5 31. Qd3 Qg5 1/2-1/2

[Event "Tack Memorial U2200"]
[Site "Gualeguaychu"]
[Date "2017.03.11"]
[Round "3"]
[White "Landra, Augusto"]
[Black "Zalisnak, Jacobo"]
[Result "0-1"]
[WhiteElo "1939"]
[BlackElo "2041"]
[PlyCount "58"]
[EventDate "2017.03.11"]
[EventType "swiss"]
[EventRounds "5"]
[EventCountry "ARG"]
[SourceTitle "EXT 2024"]
[Source "ChessBase"]
[SourceDate "2023.10.10"]
[SourceVersion "1"]
[SourceVersionDate "2023.10.10"]
[SourceQuality "1"]

1. e4 a6 2. d4 b5 3. c4 Bb7 4. cxb5 Bxe4 5. Nc3 Bb7 6. bxa6 Nxa6 7. Nf3 Nf6 8. Bg5 e6 9. Be2 Be7 10. 0-0 Nb4 11. Qb3 Rb8 12. Ne5 Nbd5 13. Rfc1 h6 14. Bh4 Nf4 15. Qd1 Bxg2 16. Bg3 Nxe2+ 17. Qxe2 Ba8 18. a3 d6 19. Nd3 0-0 20. b4 Qc8 21. f3 Qb7 22. Kg2 Nh5 23. b5 Nxg3 24. hxg3 Bf6 25. Qf2 Bxd4 26. Qxd4 Qxf3+ 27. Kh3 Qg2+ 28. Kh4 Qh2+ 29. Kg4 f5+ 0-1